Canidés (Canidae) en images - Statistiques

Statistiques générales
  • Ce quiz a été pris 23 fois
  • Le résultat moyen est 13 sur 35
Statistiques - réponses
Par images Hint Réponse % Correct
Vulpes zerda Fennec
93%
Canis lupus Loup / Chien / Dingo
93%
Vulpes lagopus Renard arctique
93%
Vulpes vulpes Renard roux
93%
Lycaon pictus Lycaon
86%
Chrysocyon brachyurus Loup à crinière
71%
Cuon alpinus Dhole
64%
Otocyon megalotis Otocyon
64%
Speothos venaticus Chien des buissons
57%
Nyctereutes procyonoides Chien viverrin
57%
Canis latrans Coyote
57%
Canis simensis Loup d'Éthiopie
57%
Lupulella mesomelas Chacal à chabraque
43%
Canis aureus Chacal doré
43%
Lupulella adusta Chacal à flancs rayés
36%
Canis anthus Loup doré
36%
Vulpes corsac Renard corsac
36%
Vulpes velox Renard véloce
36%
Vulpes bengalensis Renard du Bengale
29%
Vulpes ferrilata Renard du Tibet
29%
Urocyon cinereoargenteus Renard gris d'Amérique
29%
Cerdocyon thous Renard des savanes
21%
Atelocynus microtis Chien des buissons aux oreilles courtes
14%
Lycalopex fulvipes Renard de Darwin
14%
Vulpes rueppellii Renard de Rüppell
14%
Lycalopex griseus Renard gris d'Argentine
14%
Vulpes pallida Renard pâle
14%
Lycalopex gymnocercus Renard d'Aszara
7%
Vulpes cana Renard de Blanford
7%
Lycalopex culpaeus Renard de Magellan
7%
Urocyon littoralis Renard gris insulaire
7%
Lycalopex vetulus Renard chenu
0%
Vulpes chama Renard du Cap
0%
Lycalopex sechurae Renard du désert austral
0%
Vulpes macrotis Renard nain
0%
Aucun quiz correspondant
Distribution des résultats
% des personnes avec chaque résultat
Percentile par nombre de réponses
Votre historique - résultats
Vous n’avez pas pris ce quiz